000 00499nam a22001817a 4500
003 LK-CoDNM
005 20250219140027.0
008 250219b |||||||| |||| 00| 0 eng d
040 _aLK-CoDNM
_dLK-CoDNM
_eLK-CoDNM
041 _aeng
080 _aRC
_b273
100 _aSkinner Thomas
245 _aFifty Year in Ceylon an Autobiography
260 _aLondon
_bW.H. Allen and CO., Limited And at Calcutta
_c1891
300 _a327p ; 21.8 cm
650 _aFifty Year in Ceylon
942 _cBK
999 _c238238
_d238238